| 000 | 01148nam a2200265 4500 | ||
|---|---|---|---|
| 001 | 113985 | ||
| 003 | DR-UNIBE | ||
| 005 | 20250730151120.0 | ||
| 008 | 250730b2008 mx ||||| |||| 00| 0 spa d | ||
| 020 | _a9789707129047 | ||
| 040 |
_aBIBLIOTECA UNIBE _bspa _cBIBLIOTECA UNIBE _erda |
||
| 041 | _aspa | ||
| 082 |
_222 _a345.7205 S57 |
||
| 245 | 1 | 3 |
_aEl sistema de justicia penal en México : _cretos y perspectivas / |
| 250 | _aPrimera edición | ||
| 260 |
_aMéxico _b Suprema Corte de Justicia de la Nación, _c2008 |
||
| 300 |
_axi, 749 páginas : _c 23 x 15 cm |
||
| 500 | _aComentario de la obra y nombre de los conferencistas en las solapas | ||
| 505 | _aPresentación | El nuevo modelo de justicia penal | Implicaciones estructurales, capacitación y gestión judicial | Experiencias comparadas | Una agenda para la justicia penal en México | Sobre los autores | ||
| 650 | 7 |
_2lemb _a Administracion de justicia penal _zMéxico _9198033 |
|
| 650 | 7 |
_2lemb _aProcedimiento penal _zMéxico _9198034 |
|
| 650 | 7 |
_2lemb _a Derecho penal _zMéxico _9198035 |
|
| 700 | 1 | 0 |
_aAzuela Güitrón, Mariano _9198001 _epresentador |
| 942 |
_2ddc _cBK |
||
| 999 |
_c113985 _d113985 |
||